000 00502nam a2200181Ia 4500
005 20250326125714.0
008 250326s9999 xx 000 0 und d
037 _aTextbook
040 _aFMSL
_beng
_cFMSL
041 _aeng
_2eng
084 _aX:8D K9
_qFMSL
100 _aCarsberg B V
_9739515
245 0 _aModern ficial management
_cCarsberg B V; Edey H C
260 _aEngland
_bEngland, Penguin Books
_c1969
300 _a411p
942 _cTB
_hX:8D K9
999 _c1279203
_d1279203